000 00522aam a2200241 4500
005 20240516115350.0
008 150724b1996 xxu||||| |||| 00| 0 spa d
020 _a9682523936
041 _aESP
082 _a570 V731b3
245 _aBiología de Villee
250 _a3 edición
260 _aMéxico
260 _bMcGraw-Hill
260 _c1996
300 _a1193 páginas
650 _aBIOLOGÍA
650 _aGENÉTICA
650 _aECOLOGÍA
650 _aEVOLUCIÓN
942 _cBK
_2ddc
999 _c344
_d344